000 01249cam a2200361 a 4500
001 835
005 20230908161803.0
020 _a9780545384872
040 _aDLC
_cDLC
_dIG#
_dHBP
_dDLC
_beng
050 0 0 _aSF426.O83
082 0 0 _aFic
100 1 _aOsborne, Mary Pope.
245 1 0 _aDog heroes :
_ba nonfiction companion to Magic tree house #46: Dogs in the dead of night /
_cby Mary Pope Osborne and Natalie Pope Boyce ; illustrated by Sal Murdocca.
250 _aFirst Scholastic printing, September 2011
260 _aNew York :
_c2011.
300 _a119 pages :
_billustrations ;
_c20 cm
490 _aMagic Tree House Fact Tracker
_vBook 46
500 _a"A Stepping Stone book."
505 _aR
520 _aAnswers questions about the history and behavior of dogs and provides true stories of dog heroics.
521 1 _a770
_bLexile
521 1 _aR
_bRaz-Plus
650 0 _aDogs
_vNon-fiction.
650 0 _aAnimal heroes
_vNon-fiction.
650 0 _aWorking dogs
_vNon-fiction.
650 1 _aDogs.
650 1 _aAnimal heroes.
650 1 _aWorking dogs.
700 1 _aBoyce, Natalie Pope.
700 1 _aMurdocca, Sal
_eillustrator
906 _a7
_bcbc
_corignew
_d1
_eecip
_f20
_gy-gencatlg
942 _2ddc
_cBK
_n0
999 _c835
_d835